UBT Library

A history of Russia : (Record no. 39967)

000 -LEADER
fixed length control field 00777cam a22002657a 4500
001 - CONTROL NUMBER
control field 13533701
005 - DATE AND TIME OF LATEST TRANSACTION
control field 20180109084944.0
008 - FIXED-LENGTH DATA ELEMENTS--GENERAL INFORMATION
fixed length control field 040323s2004 mauab b 001 0 eng d
010 ## - LIBRARY OF CONGRESS CONTROL NUMBER
LC control number 2001133352
020 ## - INTERNATIONAL STANDARD BOOK NUMBER
International Standard Book Number 0395660726
035 ## - SYSTEM CONTROL NUMBER
System control number (OCoLC)ocm54063861
040 ## - CATALOGING SOURCE
Original cataloging agency CPC
Transcribing agency CPC
Modifying agency DLC
041 ## - LANGUAGE CODE
Language code of text/sound track or separate title eng
042 ## - AUTHENTICATION CODE
Authentication code lccopycat
043 ## - GEOGRAPHIC AREA CODE
Geographic area code e-ur---
080 ## - UNIVERSAL DECIMAL CLASSIFICATION NUMBER
Universal Decimal Classification number 947 WOY
082 00 - DEWEY DECIMAL CLASSIFICATION NUMBER
Classification number 947 WOY
Edition number 22
100 ## - Rafti
Rafti 16
101 ## - Shkurtesa
Shkurtesa HIS
245 02 - TITLE STATEMENT
Title A history of Russia :
Statement of responsibility, etc Catherine Evtuhov ... [et al.].
504 ## - BIBLIOGRAPHY, ETC. NOTE
Bibliography, etc Includes bibliographical references and index.
906 ## - LOCAL DATA ELEMENT F, LDF (RLIN)
a 7
b cbc
c copycat
d 1
e ncip
f 20
g y-gencatlg
942 ## - ADDED ENTRY ELEMENTS (KOHA)
Source of classification or shelving scheme
Item type Books
Holdings
Withdrawn status Lost status Source of classification or shelving scheme Damaged status Not for loan Collection code Permanent location Current location Shelving location Date acquired Total Checkouts Full call number Barcode Date last seen Price effective from Koha item type
          Koleksioni i përgjithshem UBT - Lipjan UBT - Lipjan Koleksioni i përgjithshem 01/09/2018   947 WOY 002-2995172 01/09/2018 01/09/2018 Books
UBT Library © 2015-2024. All rights reserved University Education for Business and Technology